000 00947nam a2200265 i 4500
001 11419
003 ES-MaACL
005 20250831061859.0
007 t|
008 921118s1992 sp |||| | spa j
020 _a84-7100-482-8
080 _a262.122(8=60)"15/18"
100 1 _aCastañeda Delgado, Paulino.
_936411
245 1 3 _aLa jerarquía de la Iglesia en Indias
_b: el episcopado americano, 1500-1850 /
_cPaulino Castañeda Delgado, Juan Marchena Fernández.
260 _aMadrid :
_bMAPFRE,
_c[1992]
300 _a286 p. :
_bgráf., map. ;
_c23 cm.
490 1 _aIglesia Católica en el Nuevo Mundo ;
_v9
500 _aÍndice.
504 _aBibliografía: p. [273]-277.
650 1 7 _aObispos-
_zAmérica española
_2
_9156824
700 1 _aMarchena Fernández, Juan.
_976421
830 0 0 _aColección Iglesia Católica en el Nuevo Mundo (Mapfre)
_v9
_9179065
852 _aES-MaACL
_jL-18744
999 _c11419
_d11419